ბათუმის შოთა რუსთაველის სახელმწიფო უნივერსიტეტის ბიბლიოთეკა

ზოგადი მიწათმოქმედება ნიადაგმცოდნეობითა და აგროქიმიით. (ბიბ.ჩანაწერი № 44695)

000 -LEADER
fixed length control field 00854nam a2200193Ia 4500
001 - CONTROL NUMBER
control field 11499
003 - CONTROL NUMBER IDENTIFIER
control field GE_BSU
008 - FIXED-LENGTH DATA ELEMENTS--GENERAL INFORMATION
fixed length control field 181216s||||||||xx |||||||||||||| ||und||
040 ## - CATALOGING SOURCE
Transcribing agency GE_BSU
100 ## - MAIN ENTRY--PERSONAL NAME
Personal name საბაშვილი,მ.ნ; ჭანიშვილი,შ.თ; მენაღარიშვილი,ა.ჯ.
245 ## - TITLE STATEMENT
Title ზოგადი მიწათმოქმედება ნიადაგმცოდნეობითა და აგროქიმიით.
245 ## - TITLE STATEMENT
Statement of responsibility, etc. რედ:მ.ნ.საბაშვილი.
260 ## - PUBLICATION, DISTRIBUTION, ETC.
Place of publication, distribution, etc. თბილისი
260 ## - PUBLICATION, DISTRIBUTION, ETC.
Name of publisher, distributor, etc. ცოდნა
260 ## - PUBLICATION, DISTRIBUTION, ETC.
Date of publication, distribution, etc. 1960
300 ## - PHYSICAL DESCRIPTION
Extent 590გვ;23სმ.
653 ## - INDEX TERM--UNCONTROLLED
Uncontrolled term ზოგადი მიწათმოქმედება ნიადაგმცოდნეობითა და აგროქიმიით.
942 ## - ADDED ENTRY ELEMENTS (KOHA)
Koha item type წიგნი
ეგზემპლარები
Withdrawn status Lost status Damaged status Not for loan Date acquired Barcode Date last seen Price effective from Koha item type
        2018-12-17 20197 2018-12-17 2018-12-17 წიგნი
        2018-12-17 20198 2018-12-17 2018-12-17 წიგნი
        2018-12-17 20199 2018-12-17 2018-12-17 წიგნი